The Princess Bride Quiz Stats

 Plays Quiz Updated Nov 8, 2018

Support Sporcle.
Go Orange.
Score 0/40 Timer 10:00
7 Plays Today
Hint Answer % Correct
He's the farm boyWestley
89.2%
and will say to him.. 'You killed my father, ...'Prepare to die.
86.5%
He was engaged to marryButtercup
85.3%
and the SPANIARDInigo Montoya
80.5%
His ship was attacked byDread Pirate Roberts
76.2%
(portrayed by)André the Giant
74.8%
The Man in Black's way of saying 'I love you'As you wish
74.2%
... 'You keep using that word. I do not think it means what you think it means.'Inconceivable!
73%
Terror of the Fire SwampR.O.U.S
71.4%
Whose prince was namedPrince Humperdinck
70.3%
whose father was killed byThe Six-Fingered Man
68.7%
Blunder 2: Never go in against a Sicilian when...death is on the line
65.6%
Not 'To the Death' but ...To the pain
64.3%
Terror of the Fire SwampFlame Spurts
63.6%
The M.I.B wants to live because oftrue love
63.1%
Terror of the Fire SwampLightning Sand
62.9%
(portrayed by)Cary Elwes
62.1%
(portrayed by)Billy Crystal
60.6%
'You seem a decent fellow, ...'I hate to kill you
58.5%
Blunder 1: Never get involved in a land war in...Asia
57.9%
Hint Answer % Correct
'You seem a decent fellow, ...'I hate to die
57.2%
(portrayed by)Robin Wright
55.9%
The 'm' in an M.L.T isMutton
53.4%
Who portrayed the sick grandsonFred Savage
52.6%
and the GIANTFezzik
52.4%
They take the M.I.B's dead body toMiracle Max
51.6%
The Man in Black presents a poison calledIocane Powder
50.9%
And he is healed by theAlbino
45.6%
(portrayed by)Mandy Patinkin
43.1%
The trio was hired to start a war withGuilder
40.3%
Who was kidnapped by a trio, the SICILIANVizzini
37.9%
Who portrayed the grandfatherPeter Falk
35.5%
Where they take the M.I.B. to torture himPit of Despair
34.3%
They lived in the country ofFlorin
32.8%
Who tortures the M.I.B. withThe Machine
31.9%
(portrayed by)Wallace Shawn
30.2%
(portrayed by)Chris Sarandon
28.6%
(portrayed by)Christopher Guest
26.7%
So he can be tortured byCount Rugen
26%
The Man in Black's (M.I.B.) shipRevenge
20.3%

From the Vault

Find That Movie! VIII

by AdamL

Movies 6m
It doesn't help when they keep making sequels.
Remove Ads.
Support Sporcle.
Get the best of Sporcle when you Go Orange. This ad-free experience offers more features, more stats, and more fun while also helping to support Sporcle. Thank you for becoming a member.

Show Comments

Extras

Top Quizzes Today


Score Distribution

Your Account Isn't Verified!

In order to create a playlist on Sporcle, you need to verify the email address you used during registration. Go to your Sporcle Settings to finish the process.

Report this User

Report this user for behavior that violates our Community Guidelines.

Details: